| 000 | 00687nam a2200181 i 4500 | ||
|---|---|---|---|
| 001 | 56261 | ||
| 003 | ES-MaACL | ||
| 005 | 20250822063121.0 | ||
| 007 | t| | ||
| 008 | 031007s1952 sp ||||1| spa d | ||
| 100 | 1 |
_aDíaz de Villegas, José, _d1894-1968 _944253 |
|
| 245 | 1 | 0 |
_aContribución al estudio estratégico de la Península _b: nueva geografía militar de España : países y mares limítrofes / _cJosé Díaz de Villegas y Bustamante ; prólogo del General Franco. |
| 260 |
_aMadrid : _b[Ares], _c1952. |
||
| 300 |
_a721 p. ; _c24 cm. |
||
| 700 | 1 |
_aFranco Bahamonde, Francisco, _d1892-1975 _952240 |
|
| 852 |
_aES-MaACL _jC-7539 _bR.36364 |
||
| 999 |
_c56261 _d56261 |
||